[Event "CAN-op"]
[Site "Edmonton CAN"]
[Date "2009.07.11"]
[Round "1.59"]
[White "Pedersen, Rick"]
[Black "Araullo, Marlon"]
[Result "1-0"]
[WhiteElo "2089"]
[BlackElo "1596"]
[PlyCount "73"]
[GameId "2160767910155723"]
[EventDate "2009.07.11"]
[EventType "swiss"]
[EventRounds "9"]
[EventCountry "CAN"]
[SourceTitle "EXT 2022"]
[Source "ChessBase"]
[SourceDate "2021.10.06"]
[SourceVersion "1"]
[SourceVersionDate "2021.10.06"]
[SourceQuality "1"]

1. e4 e6 2. d4 d5 3. e5 c5 4. c3 Qb6 5. Nf3 Nc6 6. a3 Nge7 7. dxc5 Qxc5 8. Bd3 Ng6 9. Qe2 Qb6 10. O-O Be7 11. Re1 O-O 12. Be3 Qc7 13. Bxg6 hxg6 14. Bf4 Qb6 15. Be3 Qb3 16. Nd4 Qa4 17. f4 g5 18. Nxc6 bxc6 19. fxg5 Ba6 20. Qd1 Qh4 21. Nd2 Bxg5 22. Nf3 Bxe3+ 23. Rxe3 Qf4 24. Qe1 c5 25. b4 Rfc8 26. Rd1 Bb7 27. bxc5 Rxc5 28. Rd4 Qf5 29. Nh4 Qh5 30. Rh3 Rac8 31. Nf3 Qg6 32. Rdh4 Kf8 33. Rg3 Qc2 34. Nd4 Qb2 35. Nxe6+ Ke7 36. Nxc5 Rxc5 37. Rb4 1-0

[Event "CAN-op"]
[Site "Edmonton CAN"]
[Date "2009.07.11"]
[Round "1.61"]
[White "Yearwood, Roy"]
[Black "Deimert, Elroy"]
[Result "1-0"]
[WhiteElo "2079"]
[BlackElo "1580"]
[PlyCount "57"]
[GameId "2160767910155724"]
[EventDate "2009.07.11"]
[EventType "swiss"]
[EventRounds "9"]
[EventCountry "CAN"]
[SourceTitle "EXT 2022"]
[Source "ChessBase"]
[SourceDate "2021.10.06"]
[SourceVersion "1"]
[SourceVersionDate "2021.10.06"]
[SourceQuality "1"]

1. e4 d5 2. e5 c5 3. d4 cxd4 4. Nf3 Bg4 5. Qxd4 Bxf3 6. gxf3 Nc6 7. Qa4 Qa5+ 8. Qxa5 Nxa5 9. Nc3 e6 10. Nb5 Kd8 11. Be3 Nc6 12. O-O-O Nge7 13. f4 Nf5 14. c4 Nxe3 15. fxe3 Rc8 16. Kb1 Ke8 17. cxd5 exd5 18. Bh3 Rd8 19. Nc7+ Ke7 20. Nxd5+ Ke8 21. Nc7+ Ke7 22. Nb5 g6 23. Rxd8 Nxd8 24. Nxa7 f5 25. Rc1 Ne6 26. Bg2 Kf7 27. Bd5 Bb4 28. Rc7+ Be7 29. Nc8 1-0

[Event "CAN-op"]
[Site "Edmonton CAN"]
[Date "2009.07.11"]
[Round "1.63"]
[White "Willis, Bradley"]
[Black "Magnusson, Saul"]
[Result "1-0"]
[WhiteElo "2072"]
[BlackElo "1568"]
[PlyCount "67"]
[GameId "2160767910155726"]
[EventDate "2009.07.11"]
[EventType "swiss"]
[EventRounds "9"]
[EventCountry "CAN"]
[SourceTitle "EXT 2022"]
[Source "ChessBase"]
[SourceDate "2021.10.06"]
[SourceVersion "1"]
[SourceVersionDate "2021.10.06"]
[SourceQuality "1"]

1. d4 d5 2. Nf3 Nf6 3. e3 Bf5 4. Bd3 Bxd3 5. Qxd3 Nbd7 6. Nbd2 e6 7. b3 Bb4 8. a3 Bd6 9. Bb2 c5 10. O-O Qc7 11. Rac1 O-O 12. c4 b6 13. cxd5 Nxd5 14. dxc5 bxc5 15. Nc4 Be7 16. Rfd1 Bf6 17. e4 Bxb2 18. Nxb2 Nf4 19. Qe3 Rab8 20. Na4 Rb5 21. g3 Ng6 22. b4 c4 23. Nb2 Nge5 24. Nd4 Rbb8 25. f4 Ng4 26. Qf3 f5 27. Rxc4 Qb7 28. h3 Ngf6 29. exf5 Qxf3 30. Nxf3 exf5 31. Nd4 Ne4 32. Rc7 Rbd8 33. Ne6 Rc8 34. Rdxd7 1-0

[Event "CAN-op"]
[Site "Edmonton CAN"]
[Date "2009.07.11"]
[Round "1.64"]
[White "Thomson, Bruce"]
[Black "Sohal, Tanraj"]
[Result "0-1"]
[WhiteElo "1555"]
[BlackElo "2072"]
[PlyCount "36"]
[GameId "2160767910155727"]
[EventDate "2009.07.11"]
[EventType "swiss"]
[EventRounds "9"]
[EventCountry "CAN"]
[SourceTitle "EXT 2022"]
[Source "ChessBase"]
[SourceDate "2021.10.06"]
[SourceVersion "1"]
[SourceVersionDate "2021.10.06"]
[SourceQuality "1"]

1. d4 Nf6 2. c4 e6 3. Nf3 Bb4+ 4. Bd2 Bxd2+ 5. Qxd2 O-O 6. Nc3 a6 7. a4 d6 8. e3 Nc6 9. Bd3 e5 10. O-O Re8 11. Ne4 exd4 12. Nxf6+ Qxf6 13. exd4 Bg4 14. d5 Bxf3 15. gxf3 Nd4 16. Qd1 Nxf3+ 17. Kh1 Qf4 18. Kg2 Qg4+ 0-1

[Event "CAN-op"]
[Site "Edmonton CAN"]
[Date "2009.07.11"]
[Round "1.66"]
[White "Thomas, Derek"]
[Black "Purewal, Sardul"]
[Result "0-1"]
[WhiteElo "1532"]
[BlackElo "2057"]
[PlyCount "72"]
[GameId "2160767910155729"]
[EventDate "2009.07.11"]
[EventType "swiss"]
[EventRounds "9"]
[EventCountry "CAN"]
[SourceTitle "EXT 2022"]
[Source "ChessBase"]
[SourceDate "2021.10.06"]
[SourceVersion "1"]
[SourceVersionDate "2021.10.06"]
[SourceQuality "1"]

1. d4 Nf6 2. c4 d5 3. Nc3 c6 4. Nf3 e6 5. Bg5 Be7 6. e3 Nbd7 7. Bd3 O-O 8. O-O b6 9. Qc2 h6 10. Bh4 Bb7 11. Rac1 Bd6 12. h3 Rc8 13. Rfe1 Qc7 14. a3 g5 15. Bxg5 hxg5 16. Nxg5 Kg7 17. e4 Bf4 18. e5 Bxg5 19. exf6+ Nxf6 20. Rcd1 dxc4 21. Bxc4 b5 22. Bd3 a6 23. Ne4 Nxe4 24. Bxe4 Rh8 25. Qe2 Bf6 26. Rd3 c5 27. Rg3+ Kf8 28. Qf3 Bxd4 29. Bxb7 Rb8 30. Bc6 Ke7 31. b3 Rh4 32. Be4 Rf4 33. Qh5 Bxf2+ 34. Kh1 Bxg3 35. Qg5+ Rf6 36. Rc1 Qe5 0-1

[Event "CAN-op"]
[Site "Edmonton CAN"]
[Date "2009.07.11"]
[Round "1.67"]
[White "Tang, Edward"]
[Black "Nolan, Pat"]
[Result "1/2-1/2"]
[WhiteElo "2053"]
[BlackElo "1529"]
[PlyCount "50"]
[GameId "2160767910155730"]
[EventDate "2009.07.11"]
[EventType "swiss"]
[EventRounds "9"]
[EventCountry "CAN"]
[SourceTitle "EXT 2022"]
[Source "ChessBase"]
[SourceDate "2021.10.06"]
[SourceVersion "1"]
[SourceVersionDate "2021.10.06"]
[SourceQuality "1"]

1. d4 d5 2. c4 e6 3. Nc3 Nf6 4. Bg5 Be7 5. e3 c6 6. Nf3 O-O 7. Bd3 dxc4 8. Bxc4 Nbd7 9. O-O h6 10. Bh4 Nb6 11. Bd3 Nfd5 12. Bg3 Bd6 13. Bxd6 Qxd6 14. e4 Nxc3 15. bxc3 Qc7 16. Qe2 c5 17. e5 Nd5 18. Qe4 g6 19. h4 Nxc3 20. Qg4 h5 21. Qf4 Kg7 22. Qf6+ Kg8 23. Qg5 Kg7 24. Qf6+ Kg8 25. Qg5 Kg7 1/2-1/2

[Event "CAN-op"]
[Site "Edmonton CAN"]
[Date "2009.07.11"]
[Round "1.68"]
[White "Huang, Zhonglin"]
[Black "Oussedik, Elias"]
[Result "0-1"]
[WhiteElo "1515"]
[BlackElo "2052"]
[PlyCount "94"]
[GameId "2160767910155731"]
[EventDate "2009.07.11"]
[EventType "swiss"]
[EventRounds "9"]
[EventCountry "CAN"]
[SourceTitle "EXT 2022"]
[Source "ChessBase"]
[SourceDate "2021.10.06"]
[SourceVersion "1"]
[SourceVersionDate "2021.10.06"]
[SourceQuality "1"]

1. e4 e6 2. d4 d5 3. e5 c5 4. c3 Nc6 5. Nf3 Bd7 6. Bd3 cxd4 7. cxd4 Qb6 8. O-O Nxd4 9. Nfd2 Ne7 10. Re1 Ng6 11. a3 Qc7 12. Qg4 Nc2 13. Bxc2 Qxc2 14. Nc3 Bc5 15. Re2 Qd3 16. Nb3 Bb6 17. Qg5 d4 18. Rd2 Qc4 19. Nxd4 Bxd4 20. h4 h6 21. Qh5 Bxc3 22. bxc3 Qxc3 23. Rb1 Bc6 24. Qg4 Nxe5 25. Qd1 Qc4 26. Rb4 Qc5 27. Rc2 Qd5 28. Qxd5 Bxd5 29. Rb5 a6 30. Rb4 Nd3 31. Rd4 Nxc1 32. Rxc1 Kd7 33. g3 Rac8 34. Rdd1 Rxc1 35. Rxc1 Rc8 36. Rxc8 Kxc8 37. Kf1 b5 38. Ke2 a5 39. Kd3 b4 40. axb4 axb4 41. Kc2 b3+ 42. Kb2 Kd7 43. Kc3 Kd6 44. Kb2 Ke5 45. Kc3 g5 46. hxg5 hxg5 47. Kd2 Kd4 0-1

[Event "CAN-op"]
[Site "Edmonton CAN"]
[Date "2009.07.11"]
[Round "1.69"]
[White "Araullo, Paolo"]
[Black "McCleary, Reuben"]
[Result "1-0"]
[WhiteElo "2047"]
[BlackElo "1508"]
[PlyCount "45"]
[GameId "2160767910155732"]
[EventDate "2009.07.11"]
[EventType "swiss"]
[EventRounds "9"]
[EventCountry "CAN"]
[SourceTitle "EXT 2022"]
[Source "ChessBase"]
[SourceDate "2021.10.06"]
[SourceVersion "1"]
[SourceVersionDate "2021.10.06"]
[SourceQuality "1"]

1. e4 c5 2. Nf3 e6 3. d3 d5 4. e5 Nc6 5. g3 Nge7 6. c3 Nf5 7. Bg2 Be7 8. O-O b6 9. Na3 Ba6 10. Qa4 Bb7 11. g4 Nh4 12. Nxh4 Bxh4 13. f4 O-O 14. g5 Ne7 15. f5 Nxf5 16. Rxf5 exf5 17. Qxh4 Re8 18. Bf4 Qe7 19. Nb5 Bc6 20. Nd6 Rf8 21. Nxf5 Qe6 22. Bh3 Qe8 23. Nxg7 1-0

[Event "CAN-op"]
[Site "Edmonton CAN"]
[Date "2009.07.11"]
[Round "1.72"]
[White "Virji, Naveed"]
[Black "Abrahams, Daniel"]
[Result "0-1"]
[WhiteElo "1398"]
[BlackElo "2027"]
[PlyCount "62"]
[GameId "2160767910155734"]
[EventDate "2009.07.11"]
[EventType "swiss"]
[EventRounds "9"]
[EventCountry "CAN"]
[SourceTitle "EXT 2022"]
[Source "ChessBase"]
[SourceDate "2021.10.06"]
[SourceVersion "1"]
[SourceVersionDate "2021.10.06"]
[SourceQuality "1"]

1. e4 c5 2. Nf3 e6 3. d4 cxd4 4. Nxd4 Nf6 5. Nc3 d6 6. Nf3 Nc6 7. Bb5 Qc7 8. Bxc6+ bxc6 9. Bg5 Be7 10. Bxf6 Bxf6 11. Qd3 O-O 12. O-O-O Rd8 13. Rhe1 a5 14. g4 a4 15. g5 Be7 16. e5 d5 17. a3 Qa5 18. Qd4 c5 19. Qd3 Rb8 20. Qd2 Bd7 21. Qf4 c4 22. g6 hxg6 23. Ng5 Bxg5 24. Qxg5 Qb6 25. Kd2 Qxb2 26. Re3 d4 27. Rf3 Bc6 28. Rf4 dxc3+ 29. Ke2 Qxc2+ 30. Ke3 Rd3+ 31. Rxd3 Qxd3# 0-1

[Event "CAN-op"]
[Site "Edmonton CAN"]
[Date "2009.07.11"]
[Round "1.73"]
[White "Aird, Ian"]
[Black "Bansal, Prabjeet"]
[Result "1/2-1/2"]
[WhiteElo "2031"]
[BlackElo "1394"]
[PlyCount "67"]
[GameId "2160767910155735"]
[EventDate "2009.07.11"]
[EventType "swiss"]
[EventRounds "9"]
[EventCountry "CAN"]
[SourceTitle "EXT 2022"]
[Source "ChessBase"]
[SourceDate "2021.10.06"]
[SourceVersion "1"]
[SourceVersionDate "2021.10.06"]
[SourceQuality "1"]

1. Nf3 d5 2. g3 Nf6 3. Bg2 Nc6 4. d4 e6 5. O-O Bd6 6. b3 O-O 7. Bb2 Re8 8. Ne5 Bd7 9. e3 Be7 10. Nd2 Bb4 11. c3 Be7 12. Qe2 Nxe5 13. dxe5 Ne4 14. Nxe4 dxe4 15. Bxe4 c6 16. Rad1 Qc7 17. c4 Rad8 18. Rd4 Bc5 19. Rd3 Bc8 20. Rfd1 b5 21. Rxd8 Rxd8 22. Rxd8+ Qxd8 23. Bxc6 bxc4 24. Qxc4 Qb6 25. Bf3 Ba6 26. Qe4 h6 27. Qa8+ Kh7 28. Be4+ g6 29. Qe8 Kg7 30. Kg2 Bb7 31. Bf3 Qa6 32. Qa4 Qe2 33. Bxb7 Qxb2 34. Qf4 1/2-1/2

[Event "CAN-op"]
[Site "Edmonton CAN"]
[Date "2009.07.11"]
[Round "1.76"]
[White "Prime, Keith"]
[Black "Longo, Tyler"]
[Result "0-1"]
[WhiteElo "1223"]
[BlackElo "1992"]
[PlyCount "96"]
[GameId "2160767910155737"]
[EventDate "2009.07.11"]
[EventType "swiss"]
[EventRounds "9"]
[EventCountry "CAN"]

1. a4 d5 2. c3 e5 3. e3 Nf6 4. h3 Bd6 5. b3 O-O 6. Ba3 c5 7. g3 Nc6 8. Bg2 e4 9. Ne2 Ne5 10. Nf4 g5 11. Nxd5 Nxd5 12. Bxe4 Nf6 13. Bc2 g4 14. c4 Nf3+ 15. Ke2 gxh3 16. Qf1 Bg4 17. Qc1 Qc7 18. Bb2 Be5 19. Rxh3 Ng1+ 20. Ke1 Nxh3 21. f4 Qc6 22. e4 Nxe4 23. Bxe5 Neg5 24. Bxh7+ Nxh7 25. d3 Qf3 26. Kd2 Rad8 27. Kc2 Qe2+ 28. Qd2 Qxd2+ 29. Nxd2 Nf2 30. d4 cxd4 31. Rf1 Bf5+ 32. Kb2 Nd3+ 33. Ka3 f6 34. Bc7 Rd7 35. Ba5 Re8 36. Nf3 Re2 37. Rd1 Nf8 38. Nh4 Be4 39. f5 Nc5 40. Bd2 Bc2 41. Bb4 Bxd1 42. Bxc5 Re3 43. Kb2 Bxb3 44. Bxf8 Kxf8 45. Ng6+ Kg8 46. g4 d3 47. Kxb3 d2+ 48. Kb4 d1=Q 0-1

[Event "CAN-op"]
[Site "Edmonton CAN"]
[Date "2009.07.11"]
[Round "1.77"]
[White "Fan, Brendan"]
[Black "Situ, Dennis"]
[Result "1-0"]
[WhiteElo "1992"]
[BlackElo "1388"]
[PlyCount "43"]
[GameId "2160767910155738"]
[EventDate "2009.07.11"]
[EventType "swiss"]
[EventRounds "9"]
[EventCountry "CAN"]
[SourceTitle "EXT 2022"]
[Source "ChessBase"]
[SourceDate "2021.10.06"]
[SourceVersion "1"]
[SourceVersionDate "2021.10.06"]
[SourceQuality "1"]

1. e4 e5 2. Nf3 Nc6 3. Nc3 Nf6 4. d4 exd4 5. Nxd4 Bc5 6. Be3 Nxd4 7. Bxd4 Bxd4 8. Qxd4 O-O 9. e5 Qe7 10. O-O-O Ne8 11. Nd5 Qg5+ 12. f4 Qh6 13. g4 f6 14. exf6 Nxf6 15. g5 c5 16. Qg1 Qg6 17. Ne7+ Kf7 18. Nxg6 Kxg6 19. gxf6+ Kxf6 20. Qg5+ Kf7 21. Bc4+ Ke8 22. Rhe1# 1-0

[Event "CAN-op"]
[Site "Edmonton CAN"]
[Date "2009.07.11"]
[Round "1.78"]
[White "Baron, Desmond"]
[Black "Dean, Tim"]
[Result "0-1"]
[WhiteElo "1472"]
[BlackElo "1990"]
[PlyCount "32"]
[GameId "2160767910155739"]
[EventDate "2009.07.11"]
[EventType "swiss"]
[EventRounds "9"]
[EventCountry "CAN"]
[SourceTitle "EXT 2022"]
[Source "ChessBase"]
[SourceDate "2021.10.06"]
[SourceVersion "1"]
[SourceVersionDate "2021.10.06"]
[SourceQuality "1"]

1. c4 e6 2. d4 d5 3. e3 c6 4. Nc3 Nf6 5. Bd2 Bd6 6. Nf3 O-O 7. Qc2 Nbd7 8. O-O-O dxc4 9. Bxc4 b5 10. Bd3 Bb7 11. e4 e5 12. Be2 Qe7 13. Be3 Rac8 14. Rd2 Bb4 15. a3 Bxc3 16. Qxc3 Nxe4 0-1

[Event "CAN-op"]
[Site "Edmonton CAN"]
[Date "2009.07.11"]
[Round "1.79"]
[White "Ferreira, Alex"]
[Black "Cosenza, Aaron"]
[Result "1-0"]
[WhiteElo "1987"]
[BlackElo "1456"]
[PlyCount "33"]
[GameId "2160767910155740"]
[EventDate "2009.07.11"]
[EventType "swiss"]
[EventRounds "9"]
[EventCountry "CAN"]
[SourceTitle "EXT 2022"]
[Source "ChessBase"]
[SourceDate "2021.10.06"]
[SourceVersion "1"]
[SourceVersionDate "2021.10.06"]
[SourceQuality "1"]

1. e4 e5 2. f4 Nc6 3. Nf3 d6 4. Bc4 h6 5. d3 Bd7 6. O-O Qe7 7. Nc3 Nf6 8. Nd5 Nxd5 9. exd5 Na5 10. fxe5 dxe5 11. Nxe5 f6 12. Qh5+ Kd8 13. Nf7+ Kc8 14. d6 cxd6 15. Qxa5 Bc6 16. Re1 Qd7 17. Be6 1-0

[Event "CAN-op"]
[Site "Edmonton CAN"]
[Date "2009.07.11"]
[Round "1.80"]
[White "Merkowsky, Mark"]
[Black "Jablon, Stephen"]
[Result "0-1"]
[WhiteElo "1466"]
[BlackElo "1985"]
[PlyCount "36"]
[GameId "2160767910155741"]
[EventDate "2009.07.11"]
[EventType "swiss"]
[EventRounds "9"]
[EventCountry "CAN"]
[SourceTitle "EXT 2022"]
[Source "ChessBase"]
[SourceDate "2021.10.06"]
[SourceVersion "1"]
[SourceVersionDate "2021.10.06"]
[SourceQuality "1"]

1. c4 Nf6 2. g3 d5 3. b3 e5 4. cxd5 Qxd5 5. f3 Be6 6. Nc3 Qd7 7. Bb2 Nc6 8. Qc2 Nb4 9. Qc1 O-O-O 10. Ba3 h5 11. h4 e4 12. Bh3 Bxh3 13. Nxh3 exf3 14. Bxb4 Bxb4 15. Nf4 fxe2 16. Rh2 Qd4 17. Nfxe2 Rhe8 18. Qc2 Qg1# 0-1

[Event "CAN-op"]
[Site "Edmonton CAN"]
[Date "2009.07.11"]
[Round "1.81"]
[White "Steele, Len"]
[Black "Miller, David"]
[Result "1-0"]
[WhiteElo "1984"]
[BlackElo "1450"]
[PlyCount "78"]
[GameId "2160767910155742"]
[EventDate "2009.07.11"]
[EventType "swiss"]
[EventRounds "9"]
[EventCountry "CAN"]
[SourceTitle "EXT 2022"]
[Source "ChessBase"]
[SourceDate "2021.10.06"]
[SourceVersion "1"]
[SourceVersionDate "2021.10.06"]
[SourceQuality "1"]

1. c4 e5 2. Nc3 Nf6 3. d3 d5 4. cxd5 Nxd5 5. Bd2 Nc6 6. g3 Nb6 7. Bg2 Bd7 8. Nf3 Bd6 9. O-O O-O 10. a3 f5 11. Nb5 Qe7 12. Nxd6 Qxd6 13. Bc3 f4 14. Ng5 Qh6 15. Qb3+ Kh8 16. Nf7+ Rxf7 17. Qxf7 fxg3 18. fxg3 Qe3+ 19. Qf2 Qxf2+ 20. Rxf2 g6 21. Bxc6 Bxc6 22. Bxe5+ Kg8 23. Raf1 Bd5 24. Bxc7 Na4 25. Be5 Nc5 26. Rc1 Ne6 27. h4 g5 28. b4 h5 29. Rf5 Kh7 30. hxg5 Kg6 31. e4 Ba2 32. Bf6 Re8 33. Kg2 Bb3 34. g4 hxg4 35. Rh1 Ng7 36. Rh6+ Kf7 37. Rh7 Rg8 38. Rxg7+ Rxg7 39. Bxg7+ Kxg7 1-0

[Event "CAN-op"]
[Site "Edmonton CAN"]
[Date "2009.07.11"]
[Round "1.82"]
[White "Pisanski, Piotr"]
[Black "Pradzinski, Tim"]
[Result "1/2-1/2"]
[WhiteElo "1428"]
[BlackElo "1969"]
[PlyCount "106"]
[GameId "2160767910155743"]
[EventDate "2009.07.11"]
[EventType "swiss"]
[EventRounds "9"]
[EventCountry "CAN"]
[SourceTitle "EXT 2022"]
[Source "ChessBase"]
[SourceDate "2021.10.06"]
[SourceVersion "1"]
[SourceVersionDate "2021.10.06"]
[SourceQuality "1"]

1. e4 c5 2. Nf3 d6 3. d4 cxd4 4. Nxd4 Nf6 5. Nc3 a6 6. Be3 e6 7. Be2 Be7 8. O-O O-O 9. a3 Qc7 10. Rc1 Nbd7 11. Qd2 b5 12. Rfd1 Bb7 13. f3 Rac8 14. Ndxb5 axb5 15. Nxb5 Qb8 16. Nxd6 Qxd6 17. Qxd6 Bxd6 18. Rxd6 h6 19. c4 Ra8 20. c5 Nb8 21. Bb5 Rc8 22. c6 Bxc6 23. Rdxc6 Nxc6 24. Rxc6 Rxc6 25. Bxc6 Rc8 26. Ba4 Rd8 27. Kf2 Nd7 28. Bxd7 Rxd7 29. b4 Kf8 30. b5 Ke8 31. a4 Kd8 32. a5 Rd1 33. a6 Ra1 34. a7 Kc8 35. g4 Kb7 36. Kg3 Ra5 37. b6 h5 38. Bd4 hxg4 39. Kxg4 f6 40. h4 Ra4 41. Bf2 g6 42. Bc5 Ra5 43. Be7 Rh5 44. Bxf6 Ka8 45. Bg5 Rh8 46. f4 Kb7 47. Bf6 Rh5 48. Bg5 Rh8 49. f5 exf5+ 50. exf5 gxf5+ 51. Kxf5 Kxb6 52. Be3+ Kb7 53. Kg4 Rxh4+ 1/2-1/2

[Event "CAN-op"]
[Site "Edmonton CAN"]
[Date "2009.07.11"]
[Round "1.83"]
[White "Gaciu, Vlad"]
[Black "Orr, Douglas"]
[Result "1-0"]
[WhiteElo "1968"]
[BlackElo "1424"]
[PlyCount "49"]
[GameId "2160767910155744"]
[EventDate "2009.07.11"]
[EventType "swiss"]
[EventRounds "9"]
[EventCountry "CAN"]
[SourceTitle "EXT 2022"]
[Source "ChessBase"]
[SourceDate "2021.10.06"]
[SourceVersion "1"]
[SourceVersionDate "2021.10.06"]
[SourceQuality "1"]

1. e4 c5 2. f4 e6 3. Nf3 d5 4. Bb5+ Bd7 5. Bxd7+ Nxd7 6. Nc3 dxe4 7. Nxe4 Ngf6 8. d3 Qc7 9. Qe2 Nd5 10. f5 O-O-O 11. fxe6 fxe6 12. Nfg5 Re8 13. Qg4 N7f6 14. Qh3 Qd7 15. O-O Nxe4 16. Nxe4 Bd6 17. Bd2 Be5 18. c3 Nf6 19. Nxc5 Qd6 20. d4 Bxd4+ 21. cxd4 Qxd4+ 22. Be3 Qe5 23. Rac1 Qc7 24. Nxb7 Qxc1 25. Rxc1+ 1-0

[Event "CAN-op"]
[Site "Edmonton CAN"]
[Date "2009.07.11"]
[Round "1.85"]
[White "Newton, Geoff"]
[Black "Ludwig, Michael1"]
[Result "1-0"]
[WhiteElo "1953"]
[BlackElo "1413"]
[PlyCount "49"]
[GameId "2160767910155746"]
[EventDate "2009.07.11"]
[EventType "swiss"]
[EventRounds "9"]
[EventCountry "CAN"]
[SourceTitle "EXT 2022"]
[Source "ChessBase"]
[SourceDate "2021.10.06"]
[SourceVersion "1"]
[SourceVersionDate "2021.10.06"]
[SourceQuality "1"]

1. d4 d5 2. c4 Nf6 3. cxd5 Nxd5 4. e4 Nb6 5. Nc3 e6 6. Nf3 Nc6 7. Bb5 Bd7 8. O-O Be7 9. a4 a6 10. Bd3 O-O 11. a5 Nc8 12. e5 f6 13. Qb3 Rb8 14. Bc4 Bb4 15. d5 Bxc3 16. dxc6 Bxb2 17. cxd7 Bxa1 18. dxc8=Q Rxc8 19. Bxe6+ Kh8 20. Bxc8 Qxc8 21. Ba3 Re8 22. Rxa1 fxe5 23. Rb1 e4 24. Ng5 Qf5 25. Nf7+ 1-0

[Event "CAN-op"]
[Site "Edmonton CAN"]
[Date "2009.07.11"]
[Round "1.86"]
[White "Longson, Stan"]
[Black "Huang, Richard"]
[Result "0-1"]
[WhiteElo "1400"]
[BlackElo "1953"]
[PlyCount "52"]
[GameId "2160767910155747"]
[EventDate "2009.07.11"]
[EventType "swiss"]
[EventRounds "9"]
[EventCountry "CAN"]
[SourceTitle "EXT 2022"]
[Source "ChessBase"]
[SourceDate "2021.10.06"]
[SourceVersion "1"]
[SourceVersionDate "2021.10.06"]
[SourceQuality "1"]

1. d4 d5 2. Nf3 Nf6 3. c4 e6 4. Nc3 c6 5. Bg5 h6 6. Bf4 dxc4 7. e3 b5 8. a3 Bb7 9. Be2 Nbd7 10. O-O Be7 11. Qc2 O-O 12. h3 a6 13. Rfd1 Qb6 14. Ne5 c5 15. Nxd7 Nxd7 16. dxc5 Nxc5 17. e4 Nb3 18. Rab1 Bc5 19. Bf3 Rad8 20. Rxd8 Rxd8 21. Rd1 Nd4 22. Qc1 Nxf3+ 23. gxf3 Bxf2+ 24. Kf1 Rxd1+ 25. Nxd1 Bd4 26. Ne3 e5 0-1

[Event "CAN-op"]
[Site "Edmonton CAN"]
[Date "2009.07.11"]
[Round "1.87"]
[White "Kagramanov, Dalia"]
[Black "Dattani, Dinesh"]
[Result "1-0"]
[WhiteElo "1941"]
[BlackElo "1380"]
[PlyCount "55"]
[GameId "2160767910155748"]
[EventDate "2009.07.11"]
[EventType "swiss"]
[EventRounds "9"]
[EventCountry "CAN"]
[SourceTitle "EXT 2022"]
[Source "ChessBase"]
[SourceDate "2021.10.06"]
[SourceVersion "1"]
[SourceVersionDate "2021.10.06"]
[SourceQuality "1"]

1. e4 e5 2. Nf3 Nc6 3. Bc4 Bc5 4. c3 Nf6 5. d3 O-O 6. Bg5 d6 7. Nbd2 Bg4 8. O-O h6 9. Be3 Nd7 10. h3 Bh5 11. a3 a6 12. Re1 Qf6 13. Bd5 Bxe3 14. fxe3 Nc5 15. Qc2 Ne7 16. Ba2 c6 17. Rf1 d5 18. d4 Nxe4 19. Nxe4 dxe4 20. Nxe5 Nf5 21. Qf2 g6 22. Nd7 Qg5 23. Nxf8 Bf3 24. Kh2 Nxe3 25. gxf3 Qf4+ 26. Qg3 Nxf1+ 27. Rxf1 Qd2+ 28. Rf2 1-0

[Event "CAN-op"]
[Site "Edmonton CAN"]
[Date "2009.07.11"]
[Round "1.88"]
[White "Pavlic, Stephen"]
[Black "Shah, Omar"]
[Result "0-1"]
[WhiteElo "1341"]
[BlackElo "1921"]
[PlyCount "66"]
[GameId "2160767910155749"]
[EventDate "2009.07.11"]
[EventType "swiss"]
[EventRounds "9"]
[EventCountry "CAN"]
[SourceTitle "EXT 2022"]
[Source "ChessBase"]
[SourceDate "2021.10.06"]
[SourceVersion "1"]
[SourceVersionDate "2021.10.06"]
[SourceQuality "1"]

1. f4 d5 2. e3 Nc6 3. Nf3 Bg4 4. Be2 Nf6 5. O-O e6 6. d4 Bd6 7. b3 O-O 8. c4 Nb8 9. c5 Be7 10. Nc3 b6 11. b4 a5 12. Ba3 axb4 13. Bxb4 Na6 14. Bxa6 Rxa6 15. Qb3 Bxf3 16. Rxf3 bxc5 17. Bxc5 Bxc5 18. dxc5 Qe7 19. Qb5 Raa8 20. Rff1 Ng4 21. e4 Ra3 22. Qb4 Qh4 23. h3 Qg3 24. hxg4 Rxc3 25. exd5 Rc2 26. Qe4 Qc3 27. dxe6 Qxc5+ 28. Kh1 fxe6 29. Qxe6+ Kh8 30. Qe5 Qc6 31. Rg1 Rc5 32. Qe3 Rc3 33. Qe5 Rh3# 0-1

[Event "CAN-op"]
[Site "Edmonton CAN"]
[Date "2009.07.11"]
[Round "1.89"]
[White "Arfin, Sam"]
[Black "Kassam, Jamil"]
[Result "1-0"]
[WhiteElo "1916"]
[BlackElo "1334"]
[PlyCount "73"]
[GameId "2160767910155750"]
[EventDate "2009.07.11"]
[EventType "swiss"]
[EventRounds "9"]
[EventCountry "CAN"]
[SourceTitle "EXT 2022"]
[Source "ChessBase"]
[SourceDate "2021.10.06"]
[SourceVersion "1"]
[SourceVersionDate "2021.10.06"]
[SourceQuality "1"]

1. d4 d5 2. c4 e6 3. Nc3 Nf6 4. cxd5 exd5 5. Bg5 Be7 6. e3 h6 7. Bh4 O-O 8. Bd3 Nbd7 9. Nge2 Nb6 10. O-O Nh5 11. Bxe7 Qxe7 12. Rc1 c6 13. a3 a5 14. Na4 Nd7 15. Nc5 Nxc5 16. Rxc5 Nf6 17. Qd2 Qc7 18. Nf4 Be6 19. Rfc1 Rfd8 20. b4 axb4 21. axb4 Qb6 22. b5 cxb5 23. Rxb5 Qa7 24. h3 Bd7 25. Rbc5 Bc6 26. Qe2 g5 27. Nh5 Nd7 28. R5c3 Rdc8 29. Qf3 Qb6 30. Bh7+ Kf8 31. Bg6 Ke8 32. Bxf7+ Kd8 33. Bxd5 Kc7 34. Bxc6 bxc6 35. Rxc6+ Kb8 36. Rxc8+ Ka7 37. Rxa8# 1-0

[Event "CAN-op"]
[Site "Edmonton CAN"]
[Date "2009.07.11"]
[Round "1.90"]
[White "Green, Leah"]
[Black "Nadeau, Gabrielle"]
[Result "0-1"]
[WhiteElo "1298"]
[BlackElo "1912"]
[PlyCount "58"]
[GameId "2160767910155751"]
[EventDate "2009.07.11"]
[EventType "swiss"]
[EventRounds "9"]
[EventCountry "CAN"]
[SourceTitle "EXT 2022"]
[Source "ChessBase"]
[SourceDate "2021.10.06"]
[SourceVersion "1"]
[SourceVersionDate "2021.10.06"]
[SourceQuality "1"]

1. e4 c5 2. Nf3 e6 3. d4 cxd4 4. Nxd4 a6 5. Nc3 b5 6. e5 Bb7 7. a3 d6 8. exd6 Bxd6 9. Nf3 Nf6 10. Bg5 Qc7 11. Bxf6 gxf6 12. g3 Nd7 13. Bg2 Ne5 14. Rg1 Nc4 15. Qc1 O-O-O 16. Nd2 Nxd2 17. Qxd2 Bxg2 18. Rxg2 Bxa3 19. Qc1 Bc5 20. Rxa6 Qb7 21. Ra5 Qxg2 22. Ra8+ Qxa8 23. Ke2 Qb8 24. Qa1 Rd7 25. Qa6+ Qb7 26. Qa5 Rhd8 27. Nb1 Qe4+ 28. Kf1 Rd1+ 29. Qe1 Rxe1# 0-1